000 00410nam a2200157Ia 4500
008 240729s9999 xx 000 0 und d
022 _a1687-0042
245 0 _aJournal of Applied Mathematics
260 _aUnited Kingdom
260 _bHindawi Limited
650 _a Mathematics
650 _aScience
856 _uhttps://doaj.org/toc/e70d318dcb294ef3b7078c7160b6e853
942 _2ddc
942 _cDOAJEJ
999 _c71430
_d71430
945 _a1
_bMadushi Gamage
_c1
_dMadushi Gamage